000 00614nam a2200193 ar4500
001 2969
005 20221127090641.0
008 121128s xxua 00110 eng d
020 _a0761988521(hpb) :
_cSR367.00
082 0 4 _a658.83
_bSm65 2005
100 1 _aSmith, Scott M.
245 1 0 _aFundamentals of marketing research /
_cScott Smith, Gerald Albaum.
260 _aThousand Oaks, CA :
_bSage,
_c2005.
300 _axii, 881 p. :
_bill. ;
_c24 cm.
504 _aIncludes bibl. references and index.
650 4 _aMarketing research.
650 4 _aMarketing
_xManagement.
700 0 _aAlbaum, Gerald S.,
_ejt. auth.
999 _c2967
_d2967